| 000 | 00509nam a22001937a 4500 | ||
|---|---|---|---|
| 003 | MPLRDC | ||
| 005 | 20220104162246.0 | ||
| 008 | 210129b ||||| |||| 00| 0 eng d | ||
| 020 | _a986-7059-86-4 | ||
| 082 | _a874.6 GRE | ||
| 100 | _aMELISSA FAY GREENE | ||
| 245 |
_a爱像非洲一样宽 _c黄中宪译 |
||
| 250 | _a初版 | ||
| 260 |
_a台湾 _b大块文化出版股份有限公司 _c2007 |
||
| 300 | _b527 | ||
| 490 | _aMARK. 64 | ||
| 650 | _a美国文学--长篇小说 | ||
| 942 |
_cBK _o874.6 GRE |
||
| 999 |
_c55883 _d55873 |
||